[Event "TUR Cup"]
[Site "Denizli"]
[Date "2023.07.22"]
[Round "9"]
[White "Can, Melih Kaan"]
[Black "Mecit, Emre"]
[Result "1-0"]
[WhiteElo "2104"]
[BlackElo "1999"]
[PlyCount "75"]
[EventDate "2023.07.16"]
[EventType "team-tourn"]
[EventRounds "9"]
[EventCountry "TUR"]
[SourceTitle "CBM 215 Extra"]
[Source "ChessBase"]
[SourceDate "2023.09.30"]
[SourceVersion "1"]
[SourceVersionDate "2023.09.30"]
[SourceQuality "1"]

1. b3 e5 2. Bb2 d6 3. c4 g6 4. g3 Bg7 5. Bg2 Ne7 6. Nc3 0-0 7. e3 c5 8. Nge2 Nbc6 9. 0-0 a6 10. d3 Rb8 11. Nd5 b5 12. Qd2 Bb7 13. f4 f5 14. Rae1 h6 15. Nec3 b4 16. Nxe7+ Nxe7 17. Nd5 Qd7 18. e4 Rbe8 19. fxe5 dxe5 20. Bh3 Qd6 21. Nxe7+ Rxe7 22. exf5 Qc6 23. Re4 Qd7 24. Re2 gxf5 25. Qe3 Qc6 26. Bg2 Qd6 27. Bxb7 Rxb7 28. Bxe5 Bxe5 29. Qxe5 Qxd3 30. Ref2 Rbf7 31. Qxc5 f4 32. Rf3 Qe4 33. Qd6 fxg3 34. Qxg3+ Rg7 35. Rxf8+ Kh7 36. R8f7 Qe3+ 37. Kh1 Qe4+ 38. Qf3 1-0

[Event "TUR Cup"]
[Site "Denizli"]
[Date "2023.07.19"]
[Round "6"]
[White "Mecit, Emre"]
[Black "Hasirci, Ozgur Deniz"]
[Result "1-0"]
[WhiteElo "1999"]
[BlackElo "1804"]
[PlyCount "105"]
[EventDate "2023.07.16"]
[EventType "team-tourn"]
[EventRounds "9"]
[EventCountry "TUR"]
[SourceTitle "CBM 215 Extra"]
[Source "ChessBase"]
[SourceDate "2023.09.30"]
[SourceVersion "1"]
[SourceVersionDate "2023.09.30"]
[SourceQuality "1"]

1. e4 c5 2. c3 g6 3. Nf3 Bg7 4. d4 cxd4 5. Bc4 d3 6. 0-0 Nc6 7. Re1 d6 8. Qxd3 Nf6 9. e5 dxe5 10. Qxd8+ Nxd8 11. Nxe5 0-0 12. Na3 Be6 13. Bg5 Bxc4 14. Naxc4 Rc8 15. Ne3 Ne6 16. Bxf6 Bxf6 17. Nd7 Rfd8 18. Nxf6+ exf6 19. Red1 Nf4 20. g3 Nd3 21. Rd2 Ne5 22. Rxd8+ Rxd8 23. Rd1 Rxd1+ 24. Nxd1 Kf8 25. f4 Nd3 26. Kg2 Ke7 27. Kf3 f5 28. Ke3 Nc5 29. c4 Ne4 30. Nf2 Nf6 31. Kd4 Kd6 32. b4 Ng4 33. Nxg4 fxg4 34. a4 f5 35. c5+ Ke6 36. b5 b6 37. Kc4 h6 38. Kd4 g5 39. fxg5 hxg5 40. c6 f4 41. gxf4 gxf4 42. Ke4 f3 43. Ke3 Kd6 44. h3 gxh3 45. Kxf3 a6 46. Kg3 axb5 47. axb5 Kc7 48. Kxh3 Kc8 49. Kg4 Kc7 50. Kf5 Kc8 51. Ke6 Kd8 52. Kd6 Kc8 53. c7 1-0

[Event "TUR Cup"]
[Site "Antalya"]
[Date "2020.01.31"]
[Round "9"]
[White "Mecit, Emre"]
[Black "Isik, Can"]
[Result "1-0"]
[WhiteElo "2019"]
[BlackElo "1710"]
[PlyCount "141"]
[EventDate "2020.01.26"]
[EventType "swiss"]
[EventRounds "11"]
[EventCountry "TUR"]
[SourceTitle "CBM 194 Extra"]
[Source "ChessBase"]
[SourceDate "2020.03.31"]
[SourceVersion "1"]
[SourceVersionDate "2020.03.31"]
[SourceQuality "1"]

1. Nf3 d5 2. g3 Nf6 3. Bg2 g6 4. 0-0 Bg7 5. c4 c6 6. d4 0-0 7. Nc3 dxc4 8. a4 Na6 9. Ne5 Be6 10. e4 Nd7 11. Nf3 h6 12. Qe2 Nb4 13. Rd1 Qa5 14. h3 Rad8 15. Bd2 Qa6 16. Be3 Nb6 17. a5 Nc8 18. Ne1 Nd6 19. Qd2 Kh7 20. Na4 Qb5 21. Nc3 Qa6 22. Nb1 Nd3 23. Nxd3 cxd3 24. Na3 Nc4 25. Qxd3 Nxb2 26. Qxa6 bxa6 27. Rd2 Nc4 28. Nxc4 Bxc4 29. Rc1 Bb5 30. e5 f6 31. Bxc6 Bxc6 32. Rxc6 fxe5 33. d5 Rf6 34. Rc7 Rfd6 35. Bxa7 Rxd5 36. Rxd5 Rxd5 37. Bb6 Bf6 38. Ra7 Kg7 39. Rxa6 e4 40. Ra7 Kf7 41. Ra8 Bd4 42. Ra7 Bxb6 43. axb6 Rb5 44. b7 h5 45. h4 Ke6 46. Kf1 Rb2 47. Ke1 Kf5 48. Kd1 Kg4 49. Kc1 Rb6 50. Kc2 e5 51. Kd2 Kf3 52. b8Q Rxb8 53. Rf7+ Kg2 54. Ke3 Rb2 55. Rf6 Ra2 56. Rxg6 Rxf2 57. Kxe4 Re2+ 58. Kd3 Ra2 59. Rg5 Ra3+ 60. Ke4 Rxg3 61. Kxe5 Rxg5+ 62. hxg5 h4 63. g6 h3 64. g7 h2 65. g8Q+ Kh1 66. Qd5+ Kg1 67. Qd1+ Kg2 68. Qe2+ Kg1 69. Kf4 h1Q 70. Kg3 Qf3+ 71. Kxf3 1-0

[Event "TUR Cup"]
[Site "Antalya"]
[Date "2020.01.29"]
[Round "6"]
[White "Kaptan, Emre Akin"]
[Black "Mecit, Emre"]
[Result "0-1"]
[WhiteElo "1869"]
[BlackElo "2019"]
[PlyCount "142"]
[EventDate "2020.01.26"]
[EventType "swiss"]
[EventRounds "11"]
[EventCountry "TUR"]
[SourceTitle "CBM 194 Extra"]
[Source "ChessBase"]
[SourceDate "2020.03.31"]
[SourceVersion "1"]
[SourceVersionDate "2020.03.31"]
[SourceQuality "1"]

1. e4 c5 2. c3 Nf6 3. e5 Nd5 4. d4 cxd4 5. Nf3 d6 6. cxd4 Nc6 7. Bc4 Nb6 8. Bd3 dxe5 9. dxe5 Nb4 10. Bb5+ Bd7 11. Qe2 Nc2+ 12. Qxc2 Bxb5 13. Nc3 Bd3 14. Qb3 Bc4 15. Qc2 Rc8 16. Be3 e6 17. Bxb6 Qxb6 18. Qa4+ Rc6 19. 0-0-0 Qa6 20. Qxa6 Bxa6 21. Rd2 Bb4 22. Kc2 Ke7 23. Ng5 Bc4 24. Rd4 Bxc3 25. bxc3 Bd5 26. Rhd1 Rhc8 27. R1d3 Ra6 28. a4 h6 29. Ne4 Ra5 30. Rb4 Bc6 31. Nd6 Rc7 32. Rf4 Bxa4+ 33. Kd2 Be8 34. Rdf3 Rxe5 35. Nxf7 Rd5+ 36. Kc2 Rcc5 37. g4 Ra5 38. h4 Ra2+ 39. Kb3 Rda5 40. Nh8 R5a3+ 41. Kc4 Ra4+ 42. Kd3 Bb5+ 43. c4 R2a3+ 44. Kd2 Rxf3 45. Rxf3 Ra2+ 46. Kc1 Be8 47. h5 Ra4 48. Ng6+ Bxg6 49. hxg6 Rxc4+ 50. Kb2 Kd6 51. Rf7 Rc7 52. Rf8 b6 53. f4 a5 54. f5 exf5 55. gxf5 h5 56. f6 gxf6 57. Rxf6+ Ke5 58. Rxb6 h4 59. Rb5+ Kf6 60. Rh5 Rc4 61. Kb3 Kxg6 62. Rxa5 Rc7 63. Rd5 Rh7 64. Kc3 h3 65. Rd6+ Kf5 66. Rd5+ Ke4 67. Rd4+ Kf3 68. Rd3+ Ke4 69. Rd4+ Ke5 70. Rd1 h2 71. Rh1 Ke4 0-1

[Event "TUR Cup"]
[Site "Antalya"]
[Date "2020.01.29"]
[Round "5"]
[White "Mecit, Emre"]
[Black "Gundogan, Sinem Cagla"]
[Result "1-0"]
[WhiteElo "2019"]
[BlackElo "1808"]
[PlyCount "75"]
[EventDate "2020.01.26"]
[EventType "swiss"]
[EventRounds "11"]
[EventCountry "TUR"]
[SourceTitle "CBM 194 Extra"]
[Source "ChessBase"]
[SourceDate "2020.03.31"]
[SourceVersion "1"]
[SourceVersionDate "2020.03.31"]
[SourceQuality "1"]

1. e4 e5 2. Nf3 Nc6 3. d4 exd4 4. Nxd4 Bc5 5. Nxc6 bxc6 6. Bd3 Nf6 7. 0-0 d6 8. h3 Rb8 9. Nc3 Bd4 10. Ne2 Bc5 11. Ng3 0-0 12. Kh1 Re8 13. f4 Bd7 14. Qf3 a5 15. Bd2 Bd4 16. Bxa5 Rxb2 17. Ne2 c5 18. Nxd4 cxd4 19. Qf2 Nxe4 20. Qxd4 Ng3+ 21. Kg1 Rxc2 22. Bc3 Rxc3 23. Qxc3 Nxf1 24. Bxf1 d5 25. a4 Qb8 26. a5 Qa7+ 27. Kh2 c5 28. a6 c4 29. Qb4 Qd4 30. Rb1 Qxf4+ 31. Kh1 Bf5 32. Re1 Be4 33. a7 h6 34. Qb7 Bxg2+ 35. Kxg2 Qg5+ 36. Kh1 Rxe1 37. a8Q+ Kh7 38. Qxf7 1-0

[Event "TUR Cup"]
[Site "Antalya"]
[Date "2020.01.26"]
[Round "1"]
[White "Mecit, Emre"]
[Black "Saglam, Emrah Sitki"]
[Result "1-0"]
[WhiteElo "2019"]
[BlackElo "1614"]
[PlyCount "49"]
[EventDate "2020.01.26"]
[EventType "swiss"]
[EventRounds "11"]
[EventCountry "TUR"]
[SourceTitle "CBM 194 Extra"]
[Source "ChessBase"]
[SourceDate "2020.03.31"]
[SourceVersion "1"]
[SourceVersionDate "2020.03.31"]
[SourceQuality "1"]

1. d4 Nf6 2. Nc3 d5 3. Bg5 c6 4. Bxf6 exf6 5. e3 Bd6 6. Bd3 Qc7 7. h3 Be6 8. Nf3 Nd7 9. e4 Nb6 10. 0-0 0-0 11. Re1 Rfe8 12. e5 fxe5 13. dxe5 Bb4 14. Ng5 g6 15. f4 Qe7 16. Qf3 Nd7 17. Qg3 Nc5 18. f5 Bd7 19. Qh4 h5 20. f6 Qd8 21. Qxb4 Nxd3 22. cxd3 b6 23. Qf4 Be6 24. g4 h4 25. Qf2 1-0

[Event "TUR-chT Clubs"]
[Site "Konya"]
[Date "2019.07.18"]
[Round "4.2"]
[White "Cetinkaya, Vedat Ali"]
[Black "Mecit, Emre"]
[Result "0-1"]
[WhiteElo "2074"]
[BlackElo "2065"]
[PlyCount "82"]
[EventDate "2019.07.16"]
[EventType "team-swiss"]
[EventRounds "9"]
[EventCountry "TUR"]
[SourceTitle "CBM 191 Extra"]
[Source "ChessBase"]
[SourceDate "2019.09.30"]
[SourceVersion "1"]
[SourceVersionDate "2019.09.30"]
[SourceQuality "1"]
[WhiteTeam "Deniz Genclik"]
[BlackTeam "Duzce AS Genclik"]
[WhiteTeamCountry "TUR"]
[BlackTeamCountry "TUR"]

1. Nf3 Nf6 2. g3 g6 3. b3 Bg7 4. Bb2 0-0 5. Bg2 c5 6. c4 Nc6 7. 0-0 d6 8. Nc3 a6 9. d3 Rb8 10. Qd2 b5 11. Rfd1 Re8 12. Ng5 Nd4 13. e3 Ne6 14. Nge4 Bb7 15. Nxf6+ Bxf6 16. Nd5 Bxb2 17. Qxb2 Nc7 18. Nf4 Bxg2 19. Kxg2 Qd7 20. Rac1 Ne6 21. Nd5 Ng5 22. Qe2 Ne6 23. f4 Nc7 24. Nc3 f5 25. Qf3 b4 26. Nd5 Nxd5 27. Qxd5+ e6 28. Qf3 e5 29. Qd5+ Qe6 30. Qxe6+ Rxe6 31. Kf2 a5 32. d4 cxd4 33. exd4 exf4 34. gxf4 Re4 35. Kf3 Rbe8 36. Rd3 Re2 37. c5 Rxh2 38. Kg3 Ree2 39. cxd6 Reg2+ 40. Kf3 Rxa2 41. Kg3 h5 0-1

[Event "TUR-chT Clubs"]
[Site "Konya"]
[Date "2019.07.17"]
[Round "2.2"]
[White "Taskiran, Recep"]
[Black "Mecit, Emre"]
[Result "0-1"]
[WhiteElo "1898"]
[BlackElo "2065"]
[PlyCount "86"]
[EventDate "2019.07.16"]
[EventType "team-swiss"]
[EventRounds "9"]
[EventCountry "TUR"]
[SourceTitle "CBM 191 Extra"]
[Source "ChessBase"]
[SourceDate "2019.09.30"]
[SourceVersion "1"]
[SourceVersionDate "2019.09.30"]
[SourceQuality "1"]
[WhiteTeam "Artvin Il Ozel"]
[BlackTeam "Duzce AS Genclik"]
[WhiteTeamCountry "TUR"]
[BlackTeamCountry "TUR"]

1. Nf3 Nf6 2. c4 g6 3. g3 Bg7 4. Bg2 0-0 5. 0-0 c5 6. Nc3 Nc6 7. e3 a6 8. d4 d6 9. h3 Rb8 10. Qe2 b5 11. Rd1 Qb6 12. Nd5 Nxd5 13. cxd5 Na5 14. dxc5 dxc5 15. e4 Bb7 16. Bf4 Rbc8 17. Be5 Rfd8 18. h4 f6 19. Bf4 e5 20. Bd2 Nc4 21. Be1 Nd6 22. a4 b4 23. a5 Qb5 24. Qe3 Bf8 25. b3 Qe8 26. Nd2 Rc7 27. Bf1 f5 28. Bc4 Kh8 29. Qe2 Ra8 30. exf5 Nxf5 31. Nf3 Bg7 32. Ng5 Nd4 33. Qf1 Rd8 34. Ra2 h6 35. Ne4 Rxd5 36. Kh2 Nf3+ 37. Kg2 Rxd1 38. Kxf3 Rd4 39. Bd3 Qd7 40. Ke3 Rxe4+ 41. Bxe4 Qd4+ 42. Ke2 Qxe4+ 43. Kd1 Qb1+ 0-1

[Event "TUR-chT 1st League"]
[Site "Konya"]
[Date "2018.07.21"]
[Round "8.7"]
[White "Mecit, Emre"]
[Black "Cakan, Cem"]
[Result "1-0"]
[WhiteElo "2064"]
[BlackElo "1957"]
[PlyCount "51"]
[EventDate "2018.07.16"]
[EventType "team-swiss"]
[EventRounds "9"]
[EventCountry "TUR"]
[SourceTitle "EXT 2019"]
[Source "ChessBase"]
[SourceDate "2018.10.10"]
[SourceVersion "1"]
[SourceVersionDate "2018.10.10"]
[SourceQuality "1"]
[WhiteTeam "Varyant Genclik"]
[BlackTeam "DCM Pamukkale Universiteli"]
[WhiteTeamCountry "TUR"]
[BlackTeamCountry "TUR"]

1. e4 c5 2. Nf3 e6 3. d3 Nc6 4. g3 Nf6 5. Bg2 Be7 6. 0-0 d6 7. Nbd2 Qc7 8. c3 Bd7 9. a3 Ne5 10. Nxe5 dxe5 11. b4 cxb4 12. cxb4 Qc3 13. Qb3 Qxb3 14. Nxb3 Bb5 15. Bb2 Bxd3 16. Rfe1 0-0 17. Bxe5 Rac8 18. Rac1 b6 19. Bb2 Rxc1 20. Rxc1 Nxe4 21. Rc7 Bf6 22. Bxf6 gxf6 23. f3 Nd6 24. Rd7 Nb5 25. Rxd3 Nxa3 26. Rd7 1-0

[Event "TUR-chT 1st League"]
[Site "Konya"]
[Date "2018.07.19"]
[Round "6.4"]
[White "Mecit, Emre"]
[Black "Sertbay, Huseyin"]
[Result "1-0"]
[WhiteElo "2064"]
[BlackElo "2023"]
[PlyCount "84"]
[EventDate "2018.07.16"]
[EventType "team-swiss"]
[EventRounds "9"]
[EventCountry "TUR"]
[SourceTitle "EXT 2019"]
[Source "ChessBase"]
[SourceDate "2018.10.10"]
[SourceVersion "1"]
[SourceVersionDate "2018.10.10"]
[SourceQuality "1"]
[WhiteTeam "Varyant Genclik"]
[BlackTeam "Istanbul Teknik Uni"]
[WhiteTeamCountry "TUR"]
[BlackTeamCountry "TUR"]

1. c4 Nf6 2. Nc3 e6 3. g3 d5 4. Bg2 d4 5. Nb1 c5 6. Nf3 Nc6 7. 0-0 Bd6 8. d3 h6 9. e3 0-0 10. exd4 cxd4 11. Nbd2 e5 12. a3 a5 13. Ne1 Bf5 14. Ne4 Nxe4 15. dxe4 Be6 16. Qc2 Rc8 17. Nd3 Nb8 18. c5 Na6 19. b4 b6 20. f4 f6 21. fxe5 fxe5 22. Bxh6 gxh6 23. Qd2 Rxf1+ 24. Bxf1 Bf8 25. Nxe5 Nb8 26. cxb6 axb4 27. axb4 Qxb6 28. Nd3 Nd7 29. Qd1 Bg7 30. Qh5 Nf6 31. Qf3 Rf8 32. Nf4 Bg4 33. Qb3+ Kh7 34. Bd3 Nd7 35. Ra6 Nc5 36. e5+ Bf5 37. Bxf5+ Rxf5 38. Qb1 Nxa6 39. Qxf5+ Kg8 40. Nd5 Qb7 41. e6 Nxb4 42. e7 Qb8 1-0

[Event "TUR-chT 1st League"]
[Site "Konya"]
[Date "2018.07.18"]
[Round "4.6"]
[White "Saygili, Muhammet Sedat"]
[Black "Mecit, Emre"]
[Result "1/2-1/2"]
[WhiteElo "1802"]
[BlackElo "2064"]
[PlyCount "219"]
[EventDate "2018.07.16"]
[EventType "team-swiss"]
[EventRounds "9"]
[EventCountry "TUR"]
[SourceTitle "EXT 2019"]
[Source "ChessBase"]
[SourceDate "2018.10.10"]
[SourceVersion "1"]
[SourceVersionDate "2018.10.10"]
[SourceQuality "1"]
[WhiteTeam "Kahramanmaras CC"]
[BlackTeam "Varyant Genclik"]
[WhiteTeamCountry "TUR"]
[BlackTeamCountry "TUR"]

1. e4 c5 2. c3 Nf6 3. d3 Nc6 4. Nf3 d6 5. Be2 g6 6. 0-0 Bg7 7. Bg5 0-0 8. Qd2 Ne5 9. Nxe5 dxe5 10. c4 a6 11. Nc3 Bd7 12. Rab1 b5 13. b3 b4 14. Nd5 e6 15. Nxf6+ Bxf6 16. Bxf6 Qxf6 17. Qe3 Qe7 18. Qg3 f6 19. Qe3 a5 20. f3 a4 21. Rf2 axb3 22. axb3 Ra3 23. Bf1 Qd6 24. Rfb2 Qd4 25. Qxd4 exd4 26. Rf2 Rfa8 27. Rfb2 e5 28. h3 Kf7 29. Kf2 f5 30. Kg3 Kf6 31. Kf2 h5 32. Be2 h4 33. Bd1 Ra1 34. Be2 Rxb1 35. Rxb1 Ra2 36. Kf1 Kg5 37. Kf2 Kf4 38. Rg1 g5 39. Rf1 Rb2 40. Ra1 g4 41. fxg4 fxg4 42. Rf1 gxh3 43. gxh3 Bxh3 44. Rg1 Rxb3 45. Rh1 Be6 46. Rxh4+ Kg5 47. Rh5+ Kf6 48. Rh6+ Ke7 49. Rh5 Rb2 50. Rh7+ Kf8 51. Ke1 Ra2 52. Rb7 Ra5 53. Kd2 Ke8 54. Bd1 Kd8 55. Bc2 Ra6 56. Rb5 Rc6 57. Ra5 Bc8 58. Kc1 Ke7 59. Kb2 Kd6 60. Ra1 Rc7 61. Rh1 Re7 62. Rh6+ Re6 63. Rh8 Bd7 64. Ra8 Kc7 65. Ra7+ Kd8 66. Ra5 Rc6 67. Ra8+ Bc8 68. Ra1 Kc7 69. Rh1 Rf6 70. Rh7+ Kd6 71. Rh8 Bd7 72. Ra8 Rf2 73. Ra6+ Bc6 74. Kc1 Kc7 75. Ra7+ Kb6 76. Re7 b3 77. Bxb3 Ka5 78. Rc7 Rf6 79. Kb2 Rg6 80. Bc2 Kb6 81. Re7 Rg5 82. Re6 Kc7 83. Re7+ Kd6 84. Ra7 Rg2 85. Kc1 Rg8 86. Ra6 Ra8 87. Rb6 Kc7 88. Rb1 Rh8 89. Kb2 Rh2 90. Kc1 Be8 91. Ra1 Rh1+ 92. Kb2 Rxa1 93. Kxa1 Kd6 94. Kb2 Ke6 95. Kc1 Kf6 96. Kd2 Kg5 97. Bd1 Kf4 98. Be2 Kg5 99. Bd1 Bd7 100. Bc2 Kf4 101. Bd1 Be6 102. Ba4 Bf7 103. Bc6 Kg5 104. Ba8 Kf6 105. Bc6 Ke7 106. Bd5 Be8 107. Ke2 Kd6 108. Kd2 Kc7 109. Bg8 Kb6 110. Bd5 1/2-1/2

[Event "TUR-chT 1st League"]
[Site "Konya"]
[Date "2018.07.16"]
[Round "1.9"]
[White "Mecit, Emre"]
[Black "Gumustas, Ilgaz"]
[Result "1-0"]
[WhiteElo "2064"]
[BlackElo "1751"]
[PlyCount "108"]
[EventDate "2018.07.16"]
[EventType "team-swiss"]
[EventRounds "9"]
[EventCountry "TUR"]
[SourceTitle "EXT 2019"]
[Source "ChessBase"]
[SourceDate "2018.10.10"]
[SourceVersion "1"]
[SourceVersionDate "2018.10.10"]
[SourceQuality "1"]
[WhiteTeam "Varyant Genclik"]
[BlackTeam "Salihli Sardes"]
[WhiteTeamCountry "TUR"]
[BlackTeamCountry "TUR"]

1. e4 d6 2. d4 Nf6 3. Nc3 g6 4. Be3 Bg7 5. h3 c6 6. f4 Qa5 7. Qd2 b5 8. e5 Nfd7 9. Nf3 d5 10. Bd3 e6 11. 0-0 Qc7 12. Bxb5 Ba6 13. Bxa6 Nxa6 14. a3 Rb8 15. b3 0-0 16. f5 exf5 17. Bf4 Qd8 18. e6 fxe6 19. Bxb8 Qxb8 20. Rae1 e5 21. Qe2 e4 22. Qxa6 exf3 23. Qd3 Qb6 24. Na4 Qxd4+ 25. Qxd4 Bxd4+ 26. Kh2 fxg2 27. Kxg2 Kf7 28. c4 Nf6 29. Rd1 Be3 30. Nc3 d4 31. Ne2 Rd8 32. Rd3 Nh5 33. Rfd1 Re8 34. Kf3 c5 35. b4 Re4 36. bxc5 Nf4 37. Nxf4 Rxf4+ 38. Kg3 Re4 39. Rb1 Re5 40. Rb5 a6 41. Rb7+ Kf6 42. Rc7 f4+ 43. Kf3 Rg5 44. h4 Rg3+ 45. Ke4 f3 46. Rb3 Rg4+ 47. Kxf3 Rxh4 48. Rd7 Rf4+ 49. Kg3 Rf5 50. Rd5 Bf4+ 51. Kg2 Be5 52. Rf3 g5 53. Rxf5+ Kxf5 54. c6 Ke6 1-0

[Event "TUR-chT 1st League"]
[Site "Konya"]
[Date "2017.07.17"]
[Round "1.10"]
[White "Mecit, Emre"]
[Black "Lupulescu, Constantin"]
[Result "0-1"]
[WhiteElo "2070"]
[BlackElo "2634"]
[PlyCount "78"]
[EventDate "2017.07.17"]
[EventType "team-swiss"]
[EventRounds "9"]
[EventCountry "TUR"]
[SourceTitle "CBM 179 Extra"]
[Source "ChessBase"]
[SourceDate "2017.08.23"]
[SourceVersion "1"]
[SourceVersionDate "2017.08.23"]
[SourceQuality "1"]
[WhiteTeam "Yalova Belediye"]
[BlackTeam "Karman Masterler"]
[WhiteTeamCountry "TUR"]
[BlackTeamCountry "TUR"]

1. e4 c6 2. d4 d5 3. exd5 cxd5 4. c4 Nf6 5. Nc3 Nc6 6. Nf3 Be6 7. Bg5 g6 8. Be2 Bg7 9. 0-0 0-0 10. Re1 dxc4 11. Rc1 Rc8 12. d5 Nxd5 13. Bxc4 Nxc3 14. Qxd8 Nxd8 15. Bxe6 Nxe6 16. bxc3 Nxg5 17. Nxg5 Bxc3 18. Red1 Bd2 19. Rxc8 Rxc8 20. Ne4 Rc1 21. Rxc1 Bxc1 22. Kf1 f5 23. Nc5 b6 24. Nd3 Ba3 25. Ke2 Bd6 26. h3 e5 27. g4 Kf7 28. Nb2 Ke6 29. Nc4 b5 30. Ne3 Bc5 31. Ng2 e4 32. f3 Ke5 33. gxf5 gxf5 34. fxe4 fxe4 35. Kd2 a5 36. Ke2 a4 37. Kd2 b4 38. Ke2 e3 39. Kd1 Ke4 0-1

[Event "TUR Cup"]
[Site "Antalya"]
[Date "2017.02.04"]
[Round "11"]
[White "Mecit, Emre"]
[Black "Agdelen, Huseyin Can"]
[Result "1-0"]
[WhiteElo "2111"]
[BlackElo "2354"]
[PlyCount "69"]
[EventDate "2017.01.28"]
[EventType "swiss"]
[EventRounds "11"]
[EventCountry "TUR"]
[SourceTitle "CBM 176 Extra"]
[Source "ChessBase"]
[SourceDate "2017.03.02"]
[SourceVersion "1"]
[SourceVersionDate "2017.03.02"]
[SourceQuality "1"]

1. e4 c5 2. Nf3 d6 3. d4 cxd4 4. Nxd4 Nf6 5. Nc3 a6 6. Bg5 e6 7. f4 Be7 8. Qf3 Nbd7 9. 0-0-0 h6 10. Bh4 g5 11. fxg5 Ne5 12. gxf6 Nxf3 13. fxe7 Qa5 14. Nxf3 Qc5 15. Kb1 Bd7 16. Bg3 e5 17. Bh4 Rc8 18. Bd3 Be6 19. Rhf1 Rg8 20. Rd2 Qa5 21. Nd5 Bxd5 22. exd5 Rg4 23. Re2 Ra4 24. a3 Qxd5 25. Rd2 e4 26. Bxa6 Qc6 27. Ne5 Qc5 28. Rxf7 Qxe5 29. Rf8+ Kd7 30. Rd8+ Kc7 31. e8Q Qxe8 32. Rxe8 Rxe8 33. Bb5 e3 34. Re2 Rxh4 35. Bxe8 1-0

[Event "TUR Cup"]
[Site "Antalya"]
[Date "2017.02.03"]
[Round "10"]
[White "Arslan, Erdal"]
[Black "Mecit, Emre"]
[Result "0-1"]
[WhiteElo "1911"]
[BlackElo "2111"]
[PlyCount "86"]
[EventDate "2017.01.28"]
[EventType "swiss"]
[EventRounds "11"]
[EventCountry "TUR"]
[SourceTitle "CBM 176 Extra"]
[Source "ChessBase"]
[SourceDate "2017.03.02"]
[SourceVersion "1"]
[SourceVersionDate "2017.03.02"]
[SourceQuality "1"]

1. c4 g6 2. Nc3 Bg7 3. g3 Nf6 4. Bg2 0-0 5. e4 d6 6. Nge2 c5 7. 0-0 Nc6 8. d3 a6 9. Rb1 Rb8 10. b3 b5 11. Bb2 Nd4 12. Nxd4 cxd4 13. Ne2 e5 14. cxb5 axb5 15. Qd2 d5 16. Rbc1 Bb7 17. f3 h5 18. Rc5 dxe4 19. dxe4 d3 20. Nc1 Qb6 21. b4 Nd7 22. Nxd3 Nxc5 23. Nxc5 Rfd8 24. Qg5 Qd6 25. f4 Bf6 26. Qh6 Qd2 27. Bc1 Qxb4 28. Be3 Bg7 29. Qg5 Qc3 30. fxe5 Bc6 31. e6 Be8 32. exf7+ Bxf7 33. Kh1 Qe5 34. Qh4 Bc4 35. Re1 Rbc8 36. g4 hxg4 37. Qf2 g3 38. hxg3 Rf8 39. Bf3 Rf7 40. Kg2 g5 41. Qg1 Qb2+ 42. Qf2 Qxf2+ 43. Bxf2 Rcf8 0-1

[Event "TUR Cup"]
[Site "Antalya"]
[Date "2017.01.31"]
[Round "5"]
[White "Mecit, Emre"]
[Black "Sakir, Ridvan"]
[Result "1-0"]
[WhiteElo "2111"]
[BlackElo "2021"]
[PlyCount "137"]
[EventDate "2017.01.28"]
[EventType "swiss"]
[EventRounds "11"]
[EventCountry "TUR"]
[SourceTitle "CBM 176 Extra"]
[Source "ChessBase"]
[SourceDate "2017.03.02"]
[SourceVersion "1"]
[SourceVersionDate "2017.03.02"]
[SourceQuality "1"]

1. e4 c5 2. Nf3 Nc6 3. c3 Nf6 4. e5 Nd5 5. d4 cxd4 6. cxd4 d6 7. Bc4 e6 8. 0-0 Be7 9. Bd2 0-0 10. Nc3 Nxc3 11. Bxc3 dxe5 12. dxe5 Qb6 13. Qe2 Rd8 14. Rfd1 Bd7 15. a3 Be8 16. Bd3 Rd5 17. Nd2 Rad8 18. Nc4 Qc7 19. Qe4 g6 20. Ne3 R5d7 21. Ng4 h5 22. Nf6+ Bxf6 23. exf6 Rd5 24. Qe3 Qd6 25. Bf1 Kh7 26. Rxd5 Qxd5 27. g3 Qf5 28. Bd2 g5 29. Qxg5 Qxg5 30. Bxg5 Kg6 31. h4 Ne5 32. Bg2 Bc6 33. Bxc6 Nxc6 34. Rc1 Rd3 35. Rc5 Rb3 36. Bf4 Rxb2 37. Rg5+ Kxf6 38. Rxh5 Rb3 39. a4 Ra3 40. Rg5 Rxa4 41. Rg8 Nd4 42. Kg2 Nf5 43. Bg5+ Ke5 44. h5 f6 45. h6 Nxh6 46. Bxh6 f5 47. Bg7+ Kd6 48. Rd8+ Kc7 49. Rd2 b5 50. Be5+ Kc6 51. Rd6+ Kc5 52. Rxe6 Kd5 53. Re8 Re4 54. f4 a5 55. Ra8 a4 56. Kf3 Re1 57. g4 fxg4+ 58. Kxg4 Kc4 59. Kf5 Re3 60. Ke6 a3 61. f5 Rf3 62. f6 b4 63. Rc8+ Kb3 64. f7 Rxf7 65. Kxf7 Ka2 66. Bd6 b3 67. Ra8 b2 68. Rxa3+ Kb1 69. Be5 1-0

[Event "TUR Cup"]
[Site "Antalya"]
[Date "2017.01.28"]
[Round "1"]
[White "Mecit, Emre"]
[Black "Kangal, Mehmet"]
[Result "1-0"]
[WhiteElo "2111"]
[BlackElo "1524"]
[PlyCount "119"]
[EventDate "2017.01.28"]
[EventType "swiss"]
[EventRounds "11"]
[EventCountry "TUR"]
[SourceTitle "CBM 176 Extra"]
[Source "ChessBase"]
[SourceDate "2017.03.02"]
[SourceVersion "1"]
[SourceVersionDate "2017.03.02"]
[SourceQuality "1"]

1. Nf3 c6 2. e4 d5 3. exd5 cxd5 4. d4 Nf6 5. c4 dxc4 6. Bxc4 e6 7. 0-0 Be7 8. Nc3 0-0 9. Bf4 a6 10. Qe2 Nd5 11. Bxd5 exd5 12. Nxd5 Qxd5 13. Qxe7 Bg4 14. Ne5 Bh5 15. Qc5 Rd8 16. Qxd5 Rxd5 17. Rac1 Nc6 18. Nxc6 bxc6 19. Rxc6 Rxd4 20. Be3 Rd1 21. f3 Rxf1+ 22. Kxf1 Bg6 23. Kf2 h6 24. b4 f6 25. a4 Be8 26. Rc7 Bxa4 27. g4 Bb5 28. h4 Rd8 29. g5 hxg5 30. hxg5 fxg5 31. Bxg5 Rd7 32. Rc1 Kf7 33. Re1 Bc6 34. Be3 Bb5 35. Rg1 Rd5 36. Rg4 g6 37. Rh4 Rh5 38. Rd4 Re5 39. Rd8 Re8 40. Rd1 Re5 41. Bd4 Rd5 42. Ke3 Rd7 43. Rh1 Ke6 44. Rh4 Re7 45. Bc5 Rd7 46. Re4+ Kf7 47. Rf4+ Ke6 48. Bd4 Rf7 49. Re4+ Kd7 50. Rg4 Bc6 51. f4 Re7+ 52. Be5 Re6 53. Kd4 Ba4 54. Rh4 Bc2 55. Rh7+ Re7 56. Rh2 Ba4 57. Kc5 Bb5 58. Rd2+ Ke8 59. Rd6 Rc7+ 60. Kd5 1-0

[Event "Troya op 24th"]
[Site "Canakkale"]
[Date "2016.08.12"]
[Round "7"]
[White "Rzayev, Askar Aliakbar"]
[Black "Mecit, Emre"]
[Result "1/2-1/2"]
[WhiteElo "2120"]
[BlackElo "2094"]
[PlyCount "47"]
[EventDate "2016.08.08"]
[EventType "swiss"]
[EventRounds "9"]
[EventCountry "TUR"]
[SourceTitle "CBM 173 Extra"]
[Source "ChessBase"]
[SourceDate "2016.08.29"]
[SourceVersion "1"]
[SourceVersionDate "2016.08.29"]
[SourceQuality "1"]

1. Nf3 Nf6 2. c4 g6 3. Nc3 Bg7 4. e4 d6 5. d4 0-0 6. Be2 e5 7. dxe5 dxe5 8. Qxd8 Rxd8 9. Bg5 Re8 10. Nd5 Nxd5 11. cxd5 c6 12. Bc4 cxd5 13. Bxd5 Na6 14. 0-0-0 Nc7 15. Bb3 Be6 16. Rd3 Bxb3 17. Rxb3 Ne6 18. Be3 b6 19. Rd1 Rac8+ 20. Rc3 Nd4 21. Nxd4 exd4 22. Bxd4 Rxc3+ 23. Bxc3 Bxc3 24. bxc3 1/2-1/2